| 000 | 00570 a2200241 4500 | ||
|---|---|---|---|
| 260 | _aUSA | ||
| 100 | _aBUDAK, Aram | ||
| 260 | _bPrentice-Hall | ||
| 245 | _aSolution manual circuit theory fundamentals and applications | ||
| 300 | _a207 p. | ||
| 650 | _a<Circuit : théorie fondamentale> | ||
| 650 | _a<Circuit : application> | ||
| 260 | _c1978 | ||
| 300 | _b23 cm | ||
| 130 | _lEn. | ||
| 035 | _a13908 | ||
| 020 | _a0-13-133983-4 | ||
| 999 |
_c12322 _d12322 |
||